000 00568nam a22002177a 4500
003 UA-OsUOA
001 106471
007 ta
008 20140526b un ||||| |||| 00| 0 ukr d
100 _aДзюбенко-Мейс Н.
090 _a32
_bД43
942 _cSA
040 _aUA-OsUOA
_bukr
_cUA-OsUOA
_dUA-OsUOA
245 _aДовга дорога додому. Кимські татари і українська політика
300 _aС.14
955 _a0
041 _aukr
080 _a32
773 0 _w106468
650 7 _a32 Політика
_2UDC
999 _c392610
_d392610